Guess The American Brands! #37 - Statistics

General Stats
  • This quiz has been taken 19 times
  • The average score is 8 of 24
Answer Stats
Picture Answer % Correct
Froot Loops
80%
Las Vegas
73%
Leap Frog
73%
USA
67%
Disneyland
60%
Tinder
60%
Orioles
47%
Buzzfeed
40%
Victoria's Secret
40%
IGN
33%
Mclaren
33%
Parker Brothers
33%
Tristar
27%
Alexa
20%
Comcast
20%
Emmy
20%
Little Tikes
20%
National Bank
20%
Commodore
13%
Daredevil
13%
HTML 5
13%
Mccain
13%
Packard Bell
13%
Rockport
13%
No matching quizzes found
Score Distribution
Percent of People with Each Score
Percentile by Number Answered
Your Score History
You have not taken this quiz